000
00208 a2200097 4500
001
57519
100
_a
245
_a
Dunyai islam
260
_a
lahore
_b
Maqbool academy
_c
1993
090
_c
35249
_d
35249
942
_a
NUST-CAE
_c
MONOGRAPH
_c
28057
999
_c
292592
_d
292592